000 01282nam a2200277Ia 4500
999 _c55181
_d55181
001 22256
003 GE_BSU
005 20230220155121.0
008 181216s||||||||xx |||||||||||||| ||und||
020 _a978-9941-0-6576-7
040 _cGE_BSU
041 _ageo
080 _a130.3 + 161.23 + 1(410) ჰ-72
100 _aჰიუმი, დ. (დევიდ)
_9230
245 _aგამოკვლევა ადამიანის გონების შესახებ /
_cჰიუმი, დ. (დევიდ) ; მთარგმნ. ნინო დიასამიძე ; რედ. ნოდარ ნათაძე.
264 _aთბილისი :
_bCarpe diem,
_c2014.
300 _a192 გვ. ;
_c20 სმ.
541 _h11 ლ.
653 _aადამიანის აზროვნება
653 _aცნობიერება
653 _aინგლისური ფილოსოფია
653 _aგამოკვლევა ადამიანის გონების შესახებ
700 _aდიასამიძე, ნინო.
_eმთარგმნელი
_9233
700 _aნათაძე, ნოდარ
_eრედაქტორი
_9232
942 _cBK
_2udc